000
00302nam a2200121Ia 4500
008
190216s9999||||xx |||||||||||||| ||und||
100
_a
Pillai R S N&Amp; Bagavathi
245
0
_a
Modern Marketing
260
_b
Calicut University Publications
_c
1987
300
_a
390p
650
_a
Commerce
942
_c
BK
999
_c
7126
_d
7126